| 000 | nam a22 7a 4500 | ||
|---|---|---|---|
| 999 |
_c127673 _d127673 |
||
| 008 | 180315b xxu||||| |||| 00| 0 eng d | ||
| 020 | _a9780624055365 | ||
| 050 |
_aHC80 _b.T973 |
||
| 100 |
_aTwineyo-Kamugisha, Elly _940707 |
||
| 245 |
_aWhy Africa fails _bthe case for growth before democracy _cElly Twineyo-Kamugisha |
||
| 260 |
_aCape Town _bTafelberg _c2012 |
||
| 300 |
_a191cm. ; _c22cm. |
||
| 650 |
_aAfrica _xEconomic conditions _924655 |
||
| 650 |
_aAfrica _xEconomic policy _930898 |
||
| 650 |
_aAfrica _xPolitics _y1960 _916763 |
||
| 942 |
_2lcc _cMONOGRAPH |
||